| 000 -LEADER |
| fixed length control field |
01296nam a2200265Ia 4500 |
| 001 - CONTROL NUMBER |
| control field |
18190 |
| 003 - CONTROL NUMBER IDENTIFIER |
| control field |
GE_BSU |
| 008 - FIXED-LENGTH DATA ELEMENTS--GENERAL INFORMATION |
| fixed length control field |
181216s||||||||xx |||||||||||||| ||und|| |
| 020 ## - INTERNATIONAL STANDARD BOOK NUMBER |
| International Standard Book Number |
978-99940-25-53-4 |
| 040 ## - CATALOGING SOURCE |
| Transcribing agency |
GE_BSU |
| 080 ## - UNIVERSAL DECIMAL CLASSIFICATION NUMBER |
| Universal Decimal Classification number |
811.353.1(042.4) |
| 100 ## - MAIN ENTRY--PERSONAL NAME |
| Personal name |
მეგრელაძე, ციალა |
| 245 ## - TITLE STATEMENT |
| Title |
ზეპირმეტყველების, კითხვის, წერის, გაგების სტრატეგიები |
| 245 ## - TITLE STATEMENT |
| Remainder of title |
ქართული ენისა და ლიტერატურის სწავლება/სწავლის მაგალითზე. (სალექციო კურსი) |
| 245 ## - TITLE STATEMENT |
| Statement of responsibility, etc. |
რედ.: რამაზ ხალვაში და სხვ. |
| 250 ## - EDITION STATEMENT |
| Edition statement |
შოთა რუსთაველის სახ. უნ-ტი. |
| 260 ## - PUBLICATION, DISTRIBUTION, ETC. |
| Place of publication, distribution, etc. |
ბათუმი |
| 260 ## - PUBLICATION, DISTRIBUTION, ETC. |
| Name of publisher, distributor, etc. |
შოთა რუსთაველის სახელმწ. უნ-ტი |
| 260 ## - PUBLICATION, DISTRIBUTION, ETC. |
| Date of publication, distribution, etc. |
2009 |
| 300 ## - PHYSICAL DESCRIPTION |
| Extent |
158გვ. : სქ. ; 29სმ. |
| 653 ## - INDEX TERM--UNCONTROLLED |
| Uncontrolled term |
ზეპირმეტყველების, კითხვის, წერის, გაგების სტრატეგიები |
| 653 ## - INDEX TERM--UNCONTROLLED |
| Uncontrolled term |
ქართული ენა |
| 942 ## - ADDED ENTRY ELEMENTS (KOHA) |
| Koha item type |
წიგნი |